MARC

LEADER 00000nam0a2200000 4500
001 15367
005 20231030190213.0
010 |a 533900449X 
035 |a (RuTPU)RU\TPU\book\15474 
035 |a BOOK00000162 
090 |a 15367 
100 |a 20011209d1990 km y0rusy50 ca 
101 0 |a rus 
102 |a BY 
105 |a y z 000zy 
200 1 |a Социологический психологизм  |e Критический анализ  |f В. И. Овчаренко, А. А. Грицанов 
210 |a Минск  |c Высшая школа  |d 1990 
215 |a 205 с. 
610 1 |a социология 
610 1 |a психология 
610 1 |a социологический психологизм 
610 1 |a Фрейдистская социология 
610 1 |a психосоциология 
610 1 |a социометрия 
610 1 |a персонологическая социология 
686 |a С5в  |v LBC/SL-A  |2 rubbk 
700 1 |a Овчаренко  |b В. И.  |g Виктор Иванович 
701 1 |a Грицанов  |b А. А.  |g Александр Алексеевич 
801 0 |a RU  |b 63413507  |c 20011209  |g PSBO 
801 2 |a RU  |b 63413507  |c 20201116  |g PSBO 
942 |c BK